Aspects politiques et sociaux des pays en voie de développement (Record no. 452095)

000 -CABECERA
Campo de control de longitud fija 00681nam a2200205 4500
001 - NÚMERO DE CONTROL
Campo de control 100037
003 - IDENTIFICADOR DEL NÚMERO DE CONTROL
Campo de control ES-SlBCS
005 - FECHA Y HORA DE LA ÚLTIMA TRANSACCIÓN
Campo de control 20210327224015.0
008 - CÓDIGOS DE INFORMACIÓN DE LONGITUD FIJA
Campo de control de longitud fija 140219s1971 fr w 00001 spa o
040 ## - FUENTE DE LA CATALOGACIÓN
Centro catalogador del origen UAM.E
Centro modificador ES-SlBCS
100 1# - PUNTO DE ACCESO PRINCIPAL-NOMBRE DE PERSONA
Nombre de persona Calvez, Jean-Yves
9 (RLIN) 3655
245 10 - MENCIÓN DE TÍTULO
Título Aspects politiques et sociaux des pays en voie de développement
Mención de responsabilidad, etc. par Jean Yves Calvez
260 ## - PUBLICACIÓN, DISTRIBUCIÓN, ETC... (PIE DE IMPRENTA)
Lugar de publicación, distribución, etc. Paris :
Nombre del editor, distribuidor, etc. Dalloz
Fecha de publicación, distribución, etc. , 1971
300 ## - DESCRIPCIÓN FÍSICA
Extensión 198 p. ;
Dimensiones 22 cm
490 0# - MENCIÓN DE SERIE
Mención de serie Etudes Politiques Economiques et Sociaux
504 00 - NOTA DE BIBLIOGRAFÍA, ETC.
Nota de bibliografía, etc. Bibliografía - Indices
651 #4 - PUNTO DE ACCESO ADICIONAL DE MATERIA-NOMBRE GEOGRÁFICO
Nombre geográfico Países en Desarrollo
Subdivisión de materia general Situación económica
9 (RLIN) 91780
651 #4 - PUNTO DE ACCESO ADICIONAL DE MATERIA-NOMBRE GEOGRÁFICO
Nombre geográfico Países en Desarrollo
Subdivisión de materia general Situación social
9 (RLIN) 91079
942 ## - ENTRADA DE ELEMENTOS AGREGADOS (KOHA)
Fuente de clasificaión o esquema
Koha [por defecto] tipo de item Libros
Holdings
Suprimido Perdido Fuente de clasificación o esquema Estropeado No para préstamo Localización permanente Localización actual Localización en estantería Fecha adquisición Préstamos totales Signatura completa Número de Registro / Código de Barras Fecha última consulta Fecha del precio de reemplazo Tipo de item de Koha Nota pública
          San Esteban San Esteban Depósito de libros 19/03/2014   330 CAL asp 100037 19/03/2014 19/03/2014 Libros Donación Universidad P. Comillas

Bibliotecas Dominicos Provincia Hispania, 2016

Con tecnología Koha